Group theory and quantum mechanics

Spremljeno u:
Bibliografski detalji
Glavni autor: Waerden, Bartel Leendert van der (Autor)
Format: Knjiga
Jezik:engleski
Izdano: Berlín Springer-Verlag 1974
Teme:
Oznake: Dodaj oznaku
Bez oznaka, Budi prvi tko označuje ovaj zapis!

MARC

LEADER 00000nam a2200000 a 4500
001 UCQ8398
003 CL-VaPUC
008 981209e19740000GW |||||||||||||||||eng|d
082 0 4 |a 530.12  |b WAE  |2 21 
100 0 |a Waerden, Bartel Leendert van der  |e author  |9 422395 
245 1 0 |a Group theory and quantum mechanics 
300 |a 211 p 
942 |c BK 
945 |d 19981209 00:00:00  |a crobeson 
260 |a Berlín  |b Springer-Verlag  |c 1974 
650 0 |a Teoría cuántica  |9 266148 
650 0 |a Mecánica cuántica  |9 306806 
650 0 |a Teoría de grupos   |9 270028 
650 0 |a Representaciones de grupos   |9 417402 
583 |a last modification  |c 20130430 01:39:46  |k Rodrigo Vera 
999 |c 277683  |d 277681 
952 |0 0  |1 0  |4 0  |6 530_120000000000000_WAE_1974  |7 0  |8 A  |9 315757  |a BIBMAT  |b BIBMAT  |d 2019-11-20  |i 1304224  |o 530.12 WAE 1974  |p 1304224  |r 2025-01-07  |w 2019-11-20  |y BK  |k MAT